LEADER 00961nam1 2200289 450 001 000034177 005 20140519085047.0 100 $a20130116d--------km-y0itaa50------ba 101 0 $afre 102 $aFR 200 1 $a<> vieille chanson française 210 $aParis$c Boulanger 215 $aVolumi$cill.$d14 cm 225 2 $aBibliothèque diamant 410 0$12001$aBibliothèque diamant 463 \1$1001000034142$12001 $aRefrain populaires, rondes, romances, chansons bachiques 676 $a841.008$v(22. ed.)$9Poesia francese. Raccolte 801 0$aIT$bUniversità della Basilicata - B.I.A.$gRICA$2unimarc 912 $a000034177 996 $aVieille chanson française$91529598 997 $aUNIBAS CAT $aSTD086$b01$c20130116$lBAS01$h1107 CAT $aSTD097$b01$c20140514$lBAS01$h1358 CAT $aTTM$b30$c20140516$lBAS01$h1454 CAT $aTTM$b30$c20140519$lBAS01$h0843 CAT $aTTM$b30$c20140519$lBAS01$h0850 FMT